| 000 | 00743cam a22001935a 4500 | ||
|---|---|---|---|
| 001 | ##J100678 | ||
| 008 | 000000s1905 000 0 eng u | ||
| 035 | _a(Sirsi) u100678 | ||
| 041 | 0 | _aeng | |
| 050 | 0 | 4 | _a942.273 $2 22 |
| 110 | 2 |
_aAuctioneers' Institute of the United Kingdom _93785 |
|
| 245 | 0 | 0 |
_aAnnual provincial meeting of the Auctioneers' Institute of the United Kingdom at Ipswich _bSeptember Wednesday, Thursday and Friday, the 13th, 14th, and 15th 1905 |
| 260 |
_a[S.l.] _b[s.n.] _c1905 |
||
| 300 |
_a15p. _bill _c16cm. |
||
| 520 | _aPamphlet outlining the objectives of the institution and itinerary of the institution work visit to Ipswich. | ||
| 651 | 4 |
_aGreat Britain _y1707- |
|
| 690 |
_aAuctioneering _96218 |
||
| 942 | _n0 | ||
| 999 |
_c99751 _d99751 |
||